000 00574nam a2200229Ia 4500
003 OSt
005 20220924150631.0
006 a|||||r|||| 00| 0
007 ta
008 220923b |||||||| |||| 00| 0 tel d
024 _a333929
037 _cTextual
040 _aARTS
_cARTS
_btel
041 _2tel
_atel
082 _aO35,2N13x, J4
100 _aSastri Yagnanna
_9222558
245 0 _aLokulu kakulu
260 _c1954
650 _aTELUGU DRAMA
_9173432
942 _hO35,2N13x, J4
_cTEXL
_2CC
999 _c463974
_d463974